| 000 | 01280nam a2200289 a 4500 | ||
|---|---|---|---|
| 001 | ASIN0335211992 | ||
| 003 | OSt | ||
| 005 | 20170105102904.0 | ||
| 008 | 131021s2004 xxu eng d | ||
| 020 |
_a0335211992 (paperback) _c$49.98 |
||
| 020 | _a9780335211999 (paperback) | ||
| 040 | _a0 | ||
| 050 | 0 | 4 | _aLB1028 |
| 082 | 0 | 4 |
_a370.7 _bYAT 2004 |
| 100 | 1 | _aYates, Lyn. | |
| 245 | 1 | 0 |
_aWhat does good education research look like? / _cLyn Yates. |
| 250 | _a1st ed. | ||
| 260 |
_a[S.l.] : _bOpen University Press, _c2004. |
||
| 300 |
_a230 p. ; _c23 cm. |
||
| 490 | 1 | _aConducting educational research. | |
| 520 | _aThis book explains the debates around education research: Is it high quality? Is it scientific enough? Is it useful? It shows how research in education must meet different demands in different places, times, and conditions. An indispensable companion to textbooks on research methodology, and a clear and provocative argument about the banalities and messiness in which educational researchers must operate. | ||
| 650 | 0 | _aEducation--Research | |
| 650 | 0 | _aEducation--Research--Evaluation | |
| 830 | 0 | _aConducting educational research. | |
| 856 | 4 | 0 |
_3Amazon.com _uhttp://www.amazon.com/exec/obidos/ASIN/0335211992/chopaconline-20 |
| 942 |
_2ddc _cBK |
||
| 999 |
_c14789 _d14789 |
||